000 00575nam a2200229Ia 4500
003 OSt
005 20220918202008.0
006 a|||||r|||| 00| 0
007 ta
008 220917b |||||||| |||| 00| 0 eng d
024 _a97,977
037 _cTextual
040 _aARTS
_cARTS
_beng
041 _2eng
_aeng
082 _aV2:11:N7, L5
100 _aKaranjit R K
_9101671
245 0 _aIndira J P confrontation
_b the great debate
260 _c1975
650 _aHISTORY
942 _hV2:11:N7, L5
_cTEXL
_2CC
999 _c221571
_d221571